01207nam a2200145 a 4500008004100000041000800041100002500049245006700074250001100141260004000152300001100192500010600203505073700309655001501046190917t1970 ag |||g |||| 001 0 spa d aspa1 aBustos, Miguel Angel 3aEl Himalaya o la moral de los pájaros /cMiguel Angel Bustos a1a ed. aBuenos Aires:bSudamericana;c1970. a121 p. aBustos, M. A. (1970). El Himalaya o la moral de los pájaros. (1a ed.). Buenos Aires : Sudamericana. a"El Himayala o la moral de los pájaros" describe una visión ejemplar: el verbo encarnado en las civilizaciones precolombinas, la aparición de las mitologías propias, el tiempo como era solar (el tiempo dividido en soles), y el nacimiento del sol del tercer mundo (como política y rebelión). El lenguaje es en estas páginas instrumento y teoría musical a la vez, de manera que el libro se manifiesta en tu totalidad como el orbe cerrado de una partitura, una creación órfica que pera en cuentos niveles como un mantra arcaico. "El Himalaya" -de algún modo un poema de melancolía y ausencia- es también la apertura de una honda búsqueda que se manifiesta ante todo como la introducción a una "épica".  aLiteratura